Fundamentals of Thermodynamics / (Record no. 26574)

000 -LEADER
fixed length control field 00728 a2200205 4500
008 - FIXED-LENGTH DATA ELEMENTS--GENERAL INFORMATION
fixed length control field 230617b ||||| |||| 00| 0 eng d
020 ## - INTERNATIONAL STANDARD BOOK NUMBER
International Standard Book Number 9789354642210
Terms of availability Rs.949.00
082 00 - DEWEY DECIMAL CLASSIFICATION NUMBER
Classification number 621.4021
Item number B733
100 ## - MAIN ENTRY--PERSONAL NAME
Personal name Borgnakke, Claus
9 (RLIN) 5468
245 ## - TITLE STATEMENT
Title Fundamentals of Thermodynamics /
250 ## - EDITION STATEMENT
Edition statement 10th ed.
260 ## - PUBLICATION, DISTRIBUTION, ETC. (IMPRINT)
Place of publication, distribution, etc New Delhi:
Name of publisher, distributor, etc Wiley India Pvt. Ltd.,
Date of publication, distribution, etc 2022.
300 ## - PHYSICAL DESCRIPTION
Extent xxiv, 771 p. : ill. ; 26 cm.
500 ## - GENERAL NOTE
General note An Indian adaption
650 #0 - SUBJECT ADDED ENTRY--TOPICAL TERM
Topical term or geographic name as entry element Thermodynamics
700 ## - ADDED ENTRY--PERSONAL NAME
9 (RLIN) 5391
Personal name Sonntag, Richard E.
9 (RLIN) 5469
Personal name Bhattacharyya, Souvik
Relator term adapter
9 (RLIN) 5470
Personal name Soni, Manoj Kumar
Relator term adapter
942 ## - ADDED ENTRY ELEMENTS (KOHA)
Source of classification or shelving scheme
Item type Books
Holdings
Withdrawn status Lost status Source of classification or shelving scheme Damaged status Not for loan Permanent location Current location Shelving location Date acquired Source of acquisition Cost, normal purchase price Full call number Barcode Date last seen Cost, replacement price Koha item type
          IMU Kolkata IMU Kolkata Reference 2023-06-17 4 678.53 621.4021 B733 13912 2023-06-17 949.00 Books
Designed and Maintained by IMU-KC Library, Kolkata Campus © Copyright All Rights Reserved

webs counters

Powered by Koha